| 000 | 00618nam a2200205Ia 4500 | ||
|---|---|---|---|
| 001 | 27583 | ||
| 008 | 140414s9999 xx 000 0 und d | ||
| 020 | _a81-242-0432-2 | ||
| 040 | _cPK-LaUMT | ||
| 082 |
_a 378.125 _bFRY-H |
||
| 100 | _aHeather Fry | ||
| 245 | 2 |
_aA handbook for teaching & learning in higher education _benhancing academic practice _cHeather Fry<>Stephanie Marshall<>Steve Ketteridge |
|
| 260 |
_aNew Delhi,India: _bCrest Publishing House, _c2004 |
||
| 300 | _a449 p. | ||
| 546 | _aEN | ||
| 650 | _aCollege teaching | ||
| 700 | _aStephanie Marshall | ||
| 700 | _aSteve Ketteridge | ||
| 942 | _cBK | ||
| 999 |
_c27718 _d27718 |
||